| 000 | 01527nam0a22003371 4500 | ||
|---|---|---|---|
| 001 | v19\rc\1695607 | ||
| 005 | 20250619025049.0 | ||
| 035 | _a(NLR Aleph) 004798528 | ||
| 090 |
_a4804316 _c4804316 |
||
| 100 | _a20061002e18971897|||y0rusy50 ca | ||
| 101 | 0 | _arus | |
| 102 | _aRU | ||
| 105 | _ay z ||||| | ||
| 200 | 1 |
_aДва памятника живого русского языка XVI-го века _e1-2 _fП.А. Сырку |
|
| 210 |
_aСанкт-Петербург _cтип. Акад. наук _d1897 |
||
| 215 |
_a[2], 10 с. _d25 |
||
| 311 | _aОтт. из "Изв. Отд-ния рус. яз. и словесности Акад. наук". Т. 2 (1897 г.), кн. 4, с. 1058-1067 | ||
| 488 | 0 |
_12001#$aИзвестия Отделения русского языка и словесности Академии наук$v1897, т. 2, кн. 4 _1215##$aС. 1058-1067 _tИзвестия Отделения русского языка и словесности Академии наук |
|
| 532 | 1 | 1 | _aДва памятника живого русского языка шестнадцатого века |
| 700 | 1 |
_7ca _8rus _aСырку _bП. А. _f1855-1905 _gПолихроний Агапиевич _9136467 _3RU\NLR\AUTH\770136502 |
|
| 801 | 0 |
_aRU _bNLR _gpsbo |
|
| 801 | 0 |
_aRU _bRuMoRGB _2psbo |
|
| 801 | 1 |
_aRU _bProSoft-M _2rusmarc |
|
| 852 |
_aNLR _j20.97.4.385 |
||
| 899 |
_aRuMoRGB _jM 1/44 |
||
| 899 | _aБАН | ||
| 899 | _aНБ СПбГУ | ||
| 899 | _aГПИБ | ||
| 942 | _cBOOK | ||
| 980 | _aNB | ||